Least Guessed Groups of Things - Statistics

General Stats
  • This quiz has been taken 30 times
  • The average score is 6 of 50
Answer Stats
Quiz % Guessed Answer % Correct
Countries of the World 25 Nauru
74%
Countries of the World 26 Palau
74%
Countries of the World 26 Saint Vincent and the Grenadines
56%
Countries of the World 24 São Tomé and Príncipe
56%
Countries of the World 25 Comoros
52%
U.S. Presidents 35 Chester A. Arthur
37%
U.S. Presidents 35 Rutherford B. Hayes
33%
U.S. Presidents 36 Franklin Pierce
30%
U.S. Presidents 36 Millard Fillmore
30%
U.S. Presidents 37 Warren Harding
22%
World Capitals 27 Ngerulmud
11%
World Capitals 27 Palikir
11%
Biggest Cities in the World 19 Ahmedabad
7%
Elements of the Periodic Table 16 Flerovium
7%
Elements of the Periodic Table 15 Meitnerium
7%
Elements of the Periodic Table 17 Nihonium
7%
World Capitals 28 Nukuʻalofa
7%
Official Cities in the UK 19 Ripon
7%
Elements of the Periodic Table 16 Roentgenium
7%
Official Cities in the UK 18 St Asaph
7%
Elements of the Periodic Table 17 Dubnium
4%
Original 151 Pokémon 20 Exeggcute
4%
Original 151 Pokémon 20 Exeggutor
4%
Oscar Best Pictures 17 Gentleman's Agreement
4%
Biggest Cities in the World 16 Hangzhou
4%
Top World Languages 5 Jin
4%
Official Cities in the UK 17 Lichfield
4%
Official Cities in the UK 19 Lisburn
4%
Top World Languages 4 Maithili
4%
World Capitals 27 Majuro
4%
Official Cities in the UK 19 Newry
4%
World Capitals 28 South Tarawa
4%
Oscar Best Pictures 18 The Great Ziegfeld
4%
Oscar Best Pictures 18 The Life of Emile Zola
4%
Oscar Best Pictures 18 You Can't Take It with You
4%
Biggest Cities in the World 7 Zhengzhou
4%
Orchestra Instruments 15 Bass Trombone
0%
Biggest Cities in the World 8 Changsha
0%
Orchestra Instruments 20 Contrabassoon
0%
Top World Languages 5 Gan
0%
Original 151 Pokémon 23 Kingler
0%
Original 151 Pokémon 22 Lickitung
0%
Top World Languages 3 Magahi
0%
Original 151 Pokémon 23 Shellder
0%
Orchestra Instruments 15 Tenor Drum
0%
Oscar Best Pictures 18 The Lost Weekend
0%
Orchestra Instruments 17 Vibraphone
0%
Orchestra Instruments 17 Wood Block
0%
Top World Languages 5 Xiang
0%
Biggest Cities in the World 17 Ziamen
0%
No matching quizzes found
Score Distribution
Percent of People with Each Score
Percentile by Number Answered
Your Score History
You have not taken this quiz